书目信息 |
| 题名: |
新生代艺术家职业手册
|
|
| 作者: | 拉泽瑞 著 ;陈玥蕾 , 何惠阳 译 | |
| 分册: | ||
| 出版信息: | 上海 上海人民美术出版社 2006 |
|
| 页数: | 19,267页 | |
| 开本: | 22cm | |
| 丛书名: | ||
| 单 册: | ||
| 中图分类: | J03-62 | |
| 科图分类: | ||
| 主题词: | 艺术家--手册 , 艺术家 | |
| 电子资源: | ||
| ISBN: | 7-5322-4686-8 | |
| 000 | 01234nam0 2200277 450 | |
| 001 | 003105369 | |
| 005 | 20070804112236.98 | |
| 010 | @a7-5322-4686-8@dCNY38.00 | |
| 100 | @a20060104d2006 em y0chiy0110 ea | |
| 101 | 1 | @achi@ceng |
| 102 | @aCN@b310000 | |
| 105 | @aa z 000yy | |
| 200 | 1 | @a新生代艺术家职业手册@9xin sheng dai yi shu jia zhi ye shou ce@dThe practical handbook for the emerging artist@f(美)玛格丽特·R. 拉泽瑞(Margaret R. Lazzari)著@g陈玥蕾,何惠阳译@zeng |
| 210 | @a上海@c上海人民美术出版社@d2006 | |
| 215 | @a19,267页@c图@d22cm | |
| 305 | @a汤姆森学习出版集团出版公司授权出版 | |
| 330 | @a艺术家除了创作之外,还有很多许多实际问题要处理,在各机构领域进行协商、就业、申请许可、纳税、记录事项、起草合同、作品档案、取得著作权等,本书集中阐述了艺术家职业选择的方方面面,及其所需要的各类实用信息。包括基础工作、推出并展示你的作品、确立影响力、财务事项、教育五部分内容。 | |
| 510 | 1 | @aPractical handbook for the emerging artist@zeng |
| 606 | 0 | @a艺术家@j手册 |
| 606 | 0 | @a艺术家 |
| 690 | @aJ03-62@v4 | |
| 701 | 0 | @c(美)@a拉泽瑞@9la ze rui@c(Lazzari, Margaret R.)@4著 |
| 702 | 0 | @a陈玥蕾@9chen yue lei@4译 |
| 702 | 0 | @a何惠阳@9he hui yang@4译 |
| 801 | 0 | @aCN@bNLC@c20070804 |
| 905 | @a10447@dJ03-62@e217 | |
| 新生代艺术家职业手册=The practical handbook for the emerging artist/(美)玛格丽特·R. 拉泽瑞(Margaret R. Lazzari)著/陈玥蕾,何惠阳译.-上海:上海人民美术出版社,2006 |
| 19,267页:图;22cm |
| ISBN 7-5322-4686-8:CNY38.00 |
| 艺术家除了创作之外,还有很多许多实际问题要处理,在各机构领域进行协商、就业、申请许可、纳税、记录事项、起草合同、作品档案、取得著作权等,本书集中阐述了艺术家职业选择的方方面面,及其所需要的各类实用信息。包括基础工作、推出并展示你的作品、确立影响力、财务事项、教育五部分内容。 |
| ● |
| 相关链接 |
|
|
|
|
正题名:新生代艺术家职业手册
索取号:J03-62/217
 
预约/预借
| 序号 | 登录号 | 条形码 | 馆藏地/架位号 | 状态 | 备注 |
| 1 | 0803758 | 208037587 | 第一样本阅览室/ [索取号:J03-62/217] | 在馆 | |
| 2 | 0803759 | 208037596 | 第一借阅区/ [索取号:J03-62/217] | 在馆 | |
| 3 | 0803760 | 208037603 | 第一借阅区/ [索取号:J03-62/217] | 在馆 | |
| 4 | 0803761 | 208037612 | 第一借阅区/ [索取号:J03-62/217] | 在馆 | |
| 5 | 0803762 | 208037621 | 第一借阅区/ [索取号:J03-62/217] | 在馆 | |
| 6 | 0803763 | 208037630 | 第一借阅区/ [索取号:J03-62/217] | 在馆 | |
| 7 | 0803764 | 208037649 | 第一借阅区/ [索取号:J03-62/217] | 在馆 | |
| 8 | 0803765 | 208037658 | 密集书库-美术系/ [索取号:J03-62/217] | 在馆 | |
| 9 | 0803766 | 208037667 | 密集书库-美术系/ [索取号:J03-62/217] | 在馆 | |
| 10 | 0803767 | 208037676 | 密集书库-美术系/ [索取号:J03-62/217] | 在馆 |